000 01537cam a22003977a 4500
003 CHAP
005 20250616134730.0
008 010920d2001 mx r 00110 spa d
010 _a85232
011 _a86204
035 _a96742
040 _cCHAP
090 _aTesis
100 1 0 _aBarajas Ramírez, Jahir Antonio
_910046
245 1 0 _aEstudio de factibilidad técnico económica para la producción, acondicionamiento y comercialización de okra (Hibiscus esculentus L.) en Delicias, Chihuahua
_c/por Jahir Antonio Barajas Ramírez y Martín Barrera Fernández
260 _aChapingo, Méx. :
_bEl autor,
_c2001.
300 _a83 h.
502 _aTesis (Ing. Agroindustrial) -- UACH. Departamento de Ingeniería Agroindustrial
590 _aALEPH
_b10
_c20130110
_lUCH01
_h1445
590 _aBATCH-UPD
_b10
_c20130110
_lUCH01
_h0359
590 _aBATCH-UPD
_b10
_c20130410
_lUCH01
_h0032
590 _aBATCH-UPD
_b10
_c20130410
_lUCH01
_h1623
590 _aBATCH-UPD
_b10
_c20130914
_lUCH01
_h0540
590 _aBATCH-UPD
_b10
_c20130914
_lUCH01
_h2140
590 _aCONVERSION
_b10
_c20130109
_lUCH01
_h1347
650 1 4 _aLegumbres
_xMercadeo
_zChihuahua.
_965757
650 1 4 _aLegumbres
_xRendimiento.
_965781
650 1 4 _aLegumbres
_zChihuahua.
_965801
650 1 4 _aOcra.
_982720
700 1 0 _aBarrera Fernández, Martín
_910382
901 _aBK
905 _aAlejandra Carrasco M.
942 _cFOLL
949 _aTesis
_bBC
_cTES
_d33724000860094
_eTS2
_fc.2
_h39115
_i96742
_sb
949 _aTesis
_bBC
_cTES
_d967421
_eTS1
_h39114
_i96742
_sb
999 _c85232
_d85232